Statistiques concernant Nom des polygones

Cliquez ici pour prendre le quiz!

Statistiques générales

  • Ce quiz a été pris 236 fois
  • Le résultat moyen est 9 sur 17

Statistiques - réponses

Nombre de côtésPolygone% Correct
3Triangle
95%
6Hexagone
94%
8Octogone
94%
5Pentagone
89%
10Décagone
88%
7Heptagone
79%
4Quadrilatère
75%
12Dodécagone
73%
9Nonagone
58%
11Hendécagone
18%
10000Myriagone
16%
20Icosagone
15%
1000Chiliagone
13%
100Hectogone
13%
50Pentacontagone
13%
40Tétracontagone
11%
30Triacontagone
11%

Distribution des résultats

Percentile par nombre de réponses

% des personnes avec chaque résultat

Votre développement - résultats

Vous n’avez pas pris ce quiz